000 00609nam a22002057a 4500
003 OSt
005 20171128195623.0
008 171128b xxu||||| |||| 00| 0 eng d
020 _a9789350905296
040 _cDNLM
050 _bWL101 I2b 2014
100 _aBhuiyan, Pritha S.; Rajgopal, Laksmi
_912267
245 _aInderbir Singh's Textbook of Human Neuroanatomy:
_bfundamental and clinical
250 _a9th ed.
260 _aNew Delhi; Jaypee Brother, 2014
300 _axiii,286p; col.ill: 28cm
504 _aGlossary, eponyms, & index included
650 _aNeuroanatomy
_9417
942 _2z
_cB_BANK
999 _c5892
_d5892